00650nam a2200229 a 4500001001300000003000900013005001700022008004100039020001000080082001300090245003100103260004900134300000800183500003500191505001700226650002100243710002700264902000800291942000700299952009700306999001700403nice12345678IN_TiNIC20260116015130.0050524s1940 mada grp 000 0 eng  ac10000a231bHMI aHenry Martyn School Papers aMadras bChristian Literature Society c1940 a00p aincludes index and biblioraphy2 abibliography aGod-Christianity2 aHenry Martyn Institute bSRS cBK 00104070aHMIbHMId2008-04-21g100.00l0o231 HMIp11000208r2026-01-16w2026-01-16yARB c18433d18433